• 首页
  • 本馆介绍
  • 公告通知
  • 最新文献
  • 馆藏检索
  • 电子资源
  • 读者导购
  • 参考咨询
  • 我的图书馆
  • 登录
  • 详细信息显示
  • 放入我的书架
  • 预约/预借图书
  • 作者相关作品
  • 分类相关作品
  • 丛书相关作品
  • 出版社相关作品

书目信息

  • 表格格式
  • 工作单格式
  • 卡片格式
题名:
韶山7D型电力机车
    
 
作者: 杨永林 主编
分册:  
出版信息: 北京   中国铁道出版社  2004
页数: 408页
开本: 26cm
丛书名:
单 册:
中图分类: U264
科图分类:
主题词: 电力机车--基本知识 , 电力机车
电子资源:
ISBN: 7-113-05881-7
000 00813nam0 2200241 450
001 2338054906
005 20231221103436.86
010    @a7-113-05881-7@d66.00CNY
100    @a20110101d2004 em y0chiy0110 ea
101 0  @achi
102    @aCN@b110000
105    @aa z 000yy
200 1  @a韶山7D型电力机车@Ashao shan 7D xing dian li ji che@f杨永林主编
210    @a北京@c中国铁道出版社@d2004
215    @a408页@d26cm@e附件1册
307    @a附件:韶山7D型电力机车图册(7张)
330    @a本书按机车设备布置及仪表、独立通风系统、牵引电动机、辅助机组、机车控制电流、机车管路系统等分章,对其结构、参数、维护做了详细的介绍。
606 0  @a电力机车@x基本知识
606 0  @a电力机车
690    @aU264@v5
701  0 @a杨永林@Ayang yong lin@c(电力机车)@4主编
801  2 @aCN@b辽宁北配@c20231205
905    @aBZT@dU264@e5
    
    韶山7D型电力机车/杨永林主编.-北京:中国铁道出版社,2004
    408页;26cm+附件1册
    
    
    ISBN 7-113-05881-7:66.00CNY
    本书按机车设备布置及仪表、独立通风系统、牵引电动机、辅助机组、机车控制电流、机车管路系统等分章,对其结构、参数、维护做了详细的介绍。
●
相关链接 在五车中查询图书 在当当中查询图书 在豆瓣中查询图书


正题名:韶山7D型电力机车     索取号:U264/5         预约/预借

序号 登录号 条形码 馆藏地/架位号 状态 备注
1 2001688923   2001688923   516书库/ [索取号:U264/5] 在馆    
2 2001688924   2001688924   516书库/ [索取号:U264/5] 在馆    
3 2001688925   2001688925   516书库/ [索取号:U264/5] 在馆    
4 2001688926   2001688926   516书库/ [索取号:U264/5] 在馆    
5 2001688927   2001688927   516书库/ [索取号:U264/5] 在馆    
6 2001688928   2001688928   516书库/ [索取号:U264/5] 在馆    
7 2001688929   2001688929   516书库/ [索取号:U264/5] 在馆    
8 2001688930   2001688930   516书库/ [索取号:U264/5] 在馆    
9 2001688931   2001688931   516书库/ [索取号:U264/5] 在馆    
10 2001688932   2001688932   516书库/ [索取号:U264/5] 在馆    
11 2001688933   2001688933   516书库/ [索取号:U264/5] 在馆    
12 2001688934   2001688934   516书库/ [索取号:U264/5] 在馆    
13 2001688935   2001688935   516书库/ [索取号:U264/5] 在馆    
14 2001688936   2001688936   516书库/ [索取号:U264/5] 在馆    
15 2001688937   2001688937   516书库/ [索取号:U264/5] 在馆    
16 2001688938   2001688938   516书库/ [索取号:U264/5] 在馆    
17 2001688939   2001688939   516书库/ [索取号:U264/5] 在馆    
18 2001688940   2001688940   516书库/ [索取号:U264/5] 在馆    
19 2001688941   2001688941   516书库/ [索取号:U264/5] 在馆    
20 2001688942   2001688942   516书库/ [索取号:U264/5] 在馆    
21 2001688943   2001688943   516书库/ [索取号:U264/5] 在馆    
22 2001688944   2001688944   516书库/ [索取号:U264/5] 在馆    
23 2001688945   2001688945   516书库/ [索取号:U264/5] 在馆    
24 2001688946   2001688946   516书库/ [索取号:U264/5] 在馆    
25 2001688947   2001688947   516书库/ [索取号:U264/5] 在馆    
26 2001688948   2001688948   516书库/ [索取号:U264/5] 在馆    
27 2001688949   2001688949   516书库/ [索取号:U264/5] 在馆    
28 2001688950   2001688950   516书库/ [索取号:U264/5] 在馆    
29 2001688951   2001688951   516书库/ [索取号:U264/5] 在馆    
30 2001688952   2001688952   516书库/ [索取号:U264/5] 在馆    
山东省滨州职业学院图书馆 欢迎您!
大连网信软件有限公司© 版权所有